Duos acteurs / réalisateurs connus - Statistiques

Statistiques générales
  • Ce quiz a été pris 57 fois
  • Le résultat moyen est 12 sur 20
Statistiques - réponses
Nbre Films Acteur / Réalisateur % Correct
6 Shutter Island Le Loup de Wall Street Killers of the Flower Moon Leonardo Di Caprio
91%
10 Taxi DriverRaging Bull Les Affranchis Robert De Niro
84%
7 Edward aux mains d'argentsSleepy Hollow Charlie et la Chocolaterie Johnny Depp
80%
10 Taxi DriverRaging Bull Les Affranchis Martin Scorsese
80%
6 Shutter IslandLe Loup de Wall Street Killers of the Flower Moon Martin Scorsese
80%
6 InceptionInterstellar The Dark Knight Christopher Nolan
76%
4 Le PrestigeThe Dark Knight Batman Begins Christopher Nolan
76%
5 Pulp FictionDjango Unchained Les Huits Salopards Quentin Tarantino
73%
7 Edward aux mains d'argentsSleepy Hollow Charlie et la Chocolaterie Tim Burton
73%
4 Il faut sauver le soldat RyanArrête-moi si tu peux Le Terminal Tom Hanks
67%
3 Fight ClubBenjamin Button Seven Brad Pitt
64%
4 Il faut sauver le soldat Ryan Arrête-moi si tu peuxLe Terminal Steven Spielberg
60%
4 Le PrestigeThe Dark Knight Batman Begins Christian Bale
53%
3 Fight ClubBenjamin Button Seven David Fincher
51%
5 Pulp FictionDjango Unchained Les Huits Salopards Samuel L. Jackson
47%
5 GladiatorUne grande année American Gangster Ridley Scott
42%
5 GladiatorUne grande année American Gangster Russell Crowe
40%
6 Lawrence d'ArabieLe Pont de la rivière Kwaï Le Docteur Jivago David Lean
27%
6 InceptionInterstellar The Dark Knight Michael Caine
27%
6 Lawrence d'ArabieLe Pont de la rivière Kwaï Le Docteur Jivago Alec Guinness
11%
Aucun quiz correspondant
Distribution des résultats
% des personnes avec chaque résultat
Percentile par nombre de réponses
Votre historique - résultats
Vous n’avez pas pris ce quiz